[Event "Match"]
[Site "www.echecsemail.com"]
[Date "2015.07.20"]
[Round "1"]
[White "Orae"]
[Black "Harrytheking"]
[WhiteElo "1589"]
[BlackElo "1770"]
[Result "1-0"]
[Round "1"]
1.e4 b6
2.Ng1f3 Bc8a6
3.Bf1xa6 Nb8xa6
4.d4 e6
5.Qd1d3 Qd8c8
6.O-O Na6b4
7.Qd3c3 h6
8.Bc1d2 Nb4c6
9.a3 Ng8e7
10.Bd2e3 Ne7g6
11.Nb1d2 Bf8e7
12.d5 Be7f6
13.e5 Nc6xe5
14.Be3d4 O-O
15.Rf1e1 exd5
16.Bd4xe5 Ng6xe5
17.Qc3e3 Ne5xf3
18.Qe3xf3 c6
19.c3 b5
20.Ra1c1 d4
21.cxd4 Bf6xd4
22.b4 Bd4b2
23.Rc1b1 Bb2f6
24.Rb1d1 d5
25.Qf3g3 a5
26.Nd2b3 a4
27.Nb3c5 Qc8f5
28.Rd1d3 Rf8e8
29.f4 Re8xe1
30.Qg3xe1 Qf5xf4
31.Rd3f3 Qf4d4
32.Kh1 Bf6h4
33.Qe1f1 f6
34.Rf3f4 Qd4e5
35.Rf4xh4 Ra8e8
36.Nc5d3 Qe5g5
37.g3 Qg5d2
38.Rh4g4 Re8e3
39.Rg4d4 Re3e2
40.Qf1g1 f5
41.Nd3f4 Re2xh2
42.Qg1xh2 Qd2xd4
43.Qh2e2 Qd4a1
44.Kh2 Qa1xa3
45.Qe2e8 Kh7
46.Qe8g6 Kg8
47.Nf4e6 Qa3b2
48.Kh3 Qb2a1
49.Qg6e8 Kh7
50.Ne6f8 Kh8
51.Nf8g6 Kh7
52.Kg2 a3
53.Ng6e7 { resign }
1-0

[Event "Match"]
[Site "www.echecsemail.com"]
[Date "2015.07.20"]
[Round "1"]
[White "Powerchess"]
[Black "Whitekknight"]
[WhiteElo "1360"]
[BlackElo "1840"]
[Result "0-1"]
[Round "1"]
1.e4 e5
2.Ng1f3 d6
3.d4 exd4
4.Nf3xd4 Ng8f6
5.Nb1c3 Bc8d7
6.Bf1e2 Bf8e7
7.O-O Nb8c6
8.Bc1e3 O-O
9.f3 Rf8e8
10.Be3f2 Nc6xd4
11.Bf2xd4 Bd7e6
12.Be2d3 c5
13.Bd4f2 a6
14.a4 b6
15.Nc3e2 Be6d7
16.Ne2g3 Qd8c7
17.b3 Be7f8
18.Rf1e1 Re8e7
19.Bf2e3 Bd7e6
20.Be3f2 Nf6d7
21.Qd1d2 Nd7e5
22.f4 Ne5xd3
23.Qd2xd3 f6
24.c4 g6
25.f5 Be6f7
26.Ra1d1 Ra8d8
27.Qd3f3 Re7e5
28.Re1e2 Rd8e8
29.Rd1d2 Re8d8
30.Re2e1 Bf8h6
31.Rd2d1 Qc7c8
32.fxg6 hxg6
33.Re1e2 Kg7
34.Rd1e1 Rd8e8
35.Bf2e3 Bh6xe3
36.Qf3xe3 Re8h8
37.Qe3f3 Qc8d8
38.Re1d1 Bf7e8
39.Re2d2 Re5e6
40.Qf3f4 g5
41.Ng3f5 Kf8
42.Qf4f3 Rh8h7
43.Rd2xd6 Re6xd6
44.Rd1xd6 Rh7d7
45.Qf3d3 Rd7xd6
46.Nf5xd6 Be8g6
{ resign }
0-1

[Event "Match"]
[Site "www.echecsemail.com"]
[Date "2015.07.20"]
[Round "1"]
[White "Manolinex"]
[Black "Jpmartinez"]
[WhiteElo "2700"]
[BlackElo "2590"]
[Result "1-0"]
[Round "1"]
1.e4 Ng8f6
2.e5 Nf6d5
3.d4 d6
4.Ng1f3 g6
5.c4 Nd5b6
6.exd6 cxd6
7.Bf1e2 Bf8g7
8.O-O O-O
9.Rf1e1 Bc8g4
10.Nb1a3 Nb8c6
11.d5 { resign }
1-0

[Event "Match"]
[Site "www.echecsemail.com"]
[Date "2015.07.20"]
[Round "1"]
[White "Ikke"]
[Black "Yakke"]
[WhiteElo "1020"]
[BlackElo "1800"]
[Result "0-1"]
[Round "1"]
1.b3 e6
2.h4 Qd8f6
3.c3 Bf8c5
4.e3 d6
5.b4 Bc5b6
6.g3 e5
7.a3 Bc8d7
8.Bf1g2 Bd7c6
9.Rh1h2 d5
10.Bc1b2 Nb8d7
11.h5 h6
12.Bg2h3 Ra8d8
13.a4 Ng8e7
14.Ng1e2 O-O
15.b5 Nd7c5
16.bxc6 Ne7xc6
17.Qd1c2 Nc5e4
18.Bb2a3 Rf8e8
19.Qc2b3 Nc6a5
20.Qb3a2 Qf6c6
21.Qa2c2 Ne4f6
22.g4 Nf6e4
23.d3 Ne4g5
24.Bh3g2 e4
25.Ne2g3 Qc6f6
 { time }
0-1

[Event "Match"]
[Site "www.echecsemail.com"]
[Date "2015.07.20"]
[Round "1"]
[White "Pinehill"]
[Black "Theboss"]
[WhiteElo "1820"]
[BlackElo "1770"]
[Result "1-0"]
[Round "1"]
1.e4 e5
2.d4 Nb8c6
3.d5 Nc6d4
4.c3 Nd4b5
5.Bf1xb5 a6
6.Bb5e2 d6
7.Ng1f3 f5
8.Bc1g5 Qd8d7
9.exf5 h6
10.Bg5h4 Qd7xf5
11.O-O g5
12.Bh4g3 Ng8f6
13.Rf1e1 Bc8d7
14.c4 c5
15.dxc6 Bd7xc6
16.Nb1d2 O-O-O
17.b4 Nf6e4
18.Be2d3 d5
19.Bg3xe5 Rh8g8
20.Qd1c2 Bf8xb4
21.cxd5 Qf5d7
22.Re1xe4 Qd7xd5
23.Re4d4 Qd5e6
24.Bd3f5 Rg8e8
25.Bf5xe6 Re8xe6
26.Rd4xb4 g4
27.Ra1b1 Rd8d7
28.Nf3d4 Re6xe5
29.Nd4xc6 bxc6
30.Qc2xc6 Kd8
31.Qc6f6 Rd7e7
32.Rb4b8 { resign }
1-0

[Event "Match"]
[Site "www.echecsemail.com"]
[Date "2015.07.20"]
[Round "1"]
[White "Roqueur"]
[Black "Manolinex"]
[WhiteElo "2640"]
[BlackElo "2700"]
[Result "1/2-1/2"]
[Round "1"]
1.e4 c5
2.Ng1f3 d6
3.d4 cxd4
4.Nf3xd4 Ng8f6
5.Nb1c3 a6
6.Bc1g5 e6
7.f4 Qd8b6
8.Qd1d2 Qb6xb2
9.Ra1b1 Qb2a3
10.f5 Nb8c6
11.fxe6 fxe6
12.Nd4xc6 bxc6
13.Bf1e2 Bf8e7
14.O-O O-O
15.Rb1b3 Qa3c5
16.Bg5e3 Qc5e5
{ draw }
1/2-1/2

[Event "Match"]
[Site "www.echecsemail.com"]
[Date "2015.07.20"]
[Round "1"]
[White "Expert"]
[Black "Ff333"]
[WhiteElo "1680"]
[BlackElo "2050"]
[Result "0-1"]
[Round "1"]
1.d4 d5
2.Ng1f3 c5
3.g3 Nb8a6
4.Bf1g2 e6
5.O-O Bf8d6
6.Nb1c3 Ng8f6
7.a3 O-O
8.Nc3b5 Bd6e7
9.dxc5 Na6xc5
10.Bc1f4 Nf6e4
11.Nf3e5 Be7g5
12.Bf4xg5 Qd8xg5
13.Ne5f3 Qg5h5
14.h3 a6
15.Nb5d4 e5
16.Nd4b3 Rf8d8
17.Nb3xc5 Ne4xc5
18.g4 Qh5g6
19.Nf3xe5 Qg6d6
20.Ne5d3 Bc8e6
21.f4 Qd6b6
22.Nd3xc5 Qb6xc5
23.Kh1 Ra8c8
24.c3 b5
25.f5 Be6d7
26.Qd1xd5 Bd7c6
27.Qd5xc5 Bc6xg2
28.Kxg2 Rc8xc5
29.Ra1d1 Rc5d5
30.Rd1xd5 Rd8xd5
31.e4 Rd5d2
32.Rf1f2 Rd2d3
33.Rf2e2 f6
34.h4 Kf7
35.g5 Rd3d6
36.Kg3 Rd6d3
37.Kg4 g6
38.gxf6 Kxf6
39.fxg6 hxg6
40.e5 Ke6
41.Kg5 Rd3g3
 { time }
0-1

[Event "Match"]
[Site "www.echecsemail.com"]
[Date "2015.07.20"]
[Round "1"]
[White "Dominiquer"]
[Black "Generalfree"]
[WhiteElo "1920"]
[BlackElo "1790"]
[Result "1-0"]
[Round "1"]
1.e4 e5
2.Ng1f3 d6
3.d4 c6
4.dxe5 dxe5
5.Qd1xd8 Kxd8
6.Nf3xe5 Ke8
7.Bf1c4 Bc8e6
8.Bc4xe6 fxe6
9.O-O Bf8d6
10.Bc1f4 Nb8d7
11.Ne5xd7 Bd6xf4
12.Nd7c5 b6
13.Nc5xe6 Bf4e5
14.f4 Be5xb2
15.Ne6c7 Kd7
16.Nc7xa8 Bb2xa1
17.c3 Kc8
18.Na8xb6 axb6
19.Rf1d1 Ng8f6
20.e5 Nf6e4
21.Nb1d2 Ne4xd2
22.Rd1xa1 Rh8f8
23.g3 Rf8d8
24.a4 Rd8d3
25.a5 Rd3xc3
26.axb6 Kb7
27.Ra1a7 Kxb6
28.Ra7xg7 Rc3c1
29.Kg2 c5
30.e6 Rc1e1
31.f5 c4
32.f6 Re1xe6
33.f7 Re6f6
34.Rg7xh7 Kb5
35.g4 Nd2e4
36.h4 Ne4d6
37.g5 Rf6xf7
38.Rh7h6 Nd6f5
39.Rh6h8 c3
40.Rh8c8 Kb4
41.h5 Rf7g7
42.g6 Kb3
43.Kf3 c2
44.Kg4 Nf5e7
45.Rc8c7 Kb2
46.Kg5 Ne7f5
47.Rc7xc2 Kxc2
48.Kxf5 Kd3
49.Kf6 Rg7g8
50.g7 Rg8c8
51.Kg6 Ke4
52.h6 Rc8c6
53.Kg5 Rc6c5
54.Kg4 { resign }
1-0

[Event "Match"]
[Site "www.echecsemail.com"]
[Date "2015.07.20"]
[Round "1"]
[White "Gatoss"]
[Black "Generalfree"]
[WhiteElo "1870"]
[BlackElo "1790"]
[Result "1/2-1/2"]
[Round "1"]
1.d4 d5
2.c4 Nb8c6
3.Ng1f3 dxc4
4.e3 b5
5.a4 Qd8d5
6.Nb1c3 Qd5d6
7.Bf1e2 bxa4
8.Be2xc4 e6
9.Nc3e4 Qd6b4
10.Nf3d2 Nc6a5
11.Qd1c2 Bc8d7
12.Ne4c5 Bf8xc5
13.dxc5 Qb4xc5
14.Qc2c3 Na5xc4
15.Nd2xc4 f6
16.b3 axb3
17.Qc3xb3 Ng8e7
18.Bc1a3 Qc5b5
19.Ra1b1 Ra8b8
20.Nc4d2 Qb5xb3
21.Rb1xb3 Rb8xb3
22.Nd2xb3 Bd7b5
23.Nb3d4 Bb5a6
24.Nd4xe6 Kf7
25.Ne6xc7 Ba6c4
26.f4 Ne7d5
27.Nc7xd5 Bc4xd5
28.O-O Rh8c8
29.Rf1d1 Bd5e6
30.Rd1b1 Kg6
31.Kf2 Be6f5
32.Rb1b7 Rc8c2
33.Kf3 a5
{ draw }
1/2-1/2

[Event "Match"]
[Site "www.echecsemail.com"]
[Date "2015.07.20"]
[Round "1"]
[White "Jafarhayder"]
[Black "Ditto"]
[WhiteElo "1250"]
[BlackElo "1800"]
[Result "0-1"]
[Round "1"]
1.d4 e6
2.c4 Ng8f6
3.Nb1c3 Bf8b4
4.Bc1d2 d6
5.Ng1f3 Nb8d7
6.a3 Bb4xc3
7.Bd2xc3 b6
8.Qd1c2 Bc8b7
9.e3 O-O
10.Bf1e2 Bb7e4
11.Be2d3 Be4xf3
12.gxf3 Rf8e8
13.e4 Nf6h5
14.Bc3d2 e5
15.d5 Nd7f6
16.O-O-O a5
17.Rh1g1 Qd8d7
18.Rg1g3 Nh5xg3
19.fxg3 Qd7e7
20.Bd2g5 h6
21.Bg5e3 Qe7d7
22.Bd3f1 c6
23.Be3xb6 c5
24.Qc2d2 Re8b8
25.Bb6xa5 Qd7a4
 { time }
0-1

[Event "Match"]
[Site "www.echecsemail.com"]
[Date "2015.07.20"]
[Round "1"]
[White "Guidom"]
[Black "Subh"]
[WhiteElo "2060"]
[BlackElo "1499"]
[Result "1-0"]
[Round "1"]
1.e4 e5
2.Ng1f3 Nb8c6
3.Bf1b5 a6
4.Bb5a4 Ng8f6
5.O-O b5
6.Ba4b3 d6
7.d3 Nc6a5
8.Bc1g5 Bf8e7
9.Nb1d2 h6
10.Bg5h4 O-O
11.h3  { time }
1-0

[Event "Match"]
[Site "www.echecsemail.com"]
[Date "2015.07.20"]
[Round "1"]
[White "Gaspard"]
[Black "Powerchess"]
[WhiteElo "1710"]
[BlackElo "1360"]
[Result "1-0"]
[Round "1"]
1.e4 e5
2.Ng1f3 Ng8f6
3.Bf1c4 Nf6xe4
4.Qd1e2 d5
5.Bc4b3 Nb8c6
6.d3 Ne4c5
7.Nf3xe5 Bf8e7
8.O-O O-O
9.Nb1c3 Nc6d4
10.Qe2d1 c6
11.Bc1e3 Nd4xb3
12.axb3 d4
13.b4 Nc5e6
14.Be3h6 dxc3
15.Qd1g4 cxb2
16.Ra1b1 Kh8
17.Bh6d2 Be7f6
18.Bd2c3 Qd8d5
19.Qg4g3 Bf6xe5
20.Bc3xe5 f6
21.Be5xb2 a5
22.c4 Qd5g5
23.Qg3xg5 Ne6xg5
24.bxa5 Ra8xa5
25.Bb2c3 Bc8f5
26.Bc3xa5 Bf5xd3
27.Rb1xb7 Bd3xf1
28.Kxf1 h6
29.Rb7c7 Rf8a8
30.Ba5c3 Ra8a3
31.Rc7c8 Kh7
32.Bc3d4 Ra3d3
33.Bd4e3 Rd3d6
34.f3 Rd6d1
35.Ke2 Rd1c1
36.Be3xc1 { resign }
1-0

[Event "Match"]
[Site "www.echecsemail.com"]
[Date "2015.07.20"]
[Round "1"]
[White "Carloswhizz"]
[Black "Jftgalloso"]
[WhiteElo "1770"]
[BlackElo "1700"]
[Result "0-1"]
[Round "1"]
1.e4 e6
2.Ng1f3 c5
3.Nb1c3 a6
4.Bf1c4 b5
5.Bc4e2 b4
6.Nc3a4 Bc8b7
7.d3 d6
8.O-O Nb8c6
9.b3 Ng8f6
10.Bc1g5 Bf8e7
11.c4 h6
12.Bg5xf6 Be7xf6
13.Ra1c1 e5
14.Na4b2 Bf6g5
15.Rc1c2 Nc6d4
16.Nf3xd4 exd4
17.f4 Bg5f6
18.f5 Qd8e7
19.Be2h5 O-O-O
20.Nb2a4 Kc7
21.Qd1a1 Bb7xe4
22.dxe4 d3
23.Qa1c1 dxc2
24.Qc1xc2 Bf6d4
25.Kh1 Rh8f8
26.Bh5f3 g6
27.Bf3g4 h5
28.Bg4f3 Bd4e5
29.fxg6 Qe7h4
30.h3 Qh4g3
31.a3 Qg3h2
{ resign }
0-1

[Event "Match"]
[Site "www.echecsemail.com"]
[Date "2015.07.20"]
[Round "1"]
[White "F14"]
[Black "Susov"]
[WhiteElo "1840"]
[BlackElo "1770"]
[Result "0-1"]
[Round "1"]
1.e4 e5
2.Ng1f3 Nb8c6
3.Bf1b5 d6
4.d4 a6
5.Bb5a4 Bc8d7
6.c3 b5
7.Ba4c2 Bd7g4
8.O-O exd4
9.cxd4 Bg4xf3
10.Qd1xf3 Nc6xd4
11.Qf3d1 Nd4e6
12.Nb1c3 Ng8f6
13.Bc1g5 Ne6xg5
14.Qd1e2 Bf8e7
15.Ra1d1 O-O
16.e5 Nf6d7
17.exd6 Be7xd6
18.Qe2d3 Nd7f6
19.Nc3d5 g6
20.Nd5xf6 Qd8xf6
21.b3 Ra8d8
22.Qd3e3 Rf8e8
23.Qe3c1 Qf6f4
24.Qc1xf4 Bd6xf4
25.Rd1xd8 Re8xd8
 { time }
0-1

[Event "Match"]
[Site "www.echecsemail.com"]
[Date "2015.07.20"]
[Round "1"]
[White "Ztornad"]
[Black "Supernovae"]
[WhiteElo "1800"]
[BlackElo "1960"]
[Result "1-0"]
[Round "1"]
1.Nb1c3 e5
2.e4 Nb8c6
3.Bf1b5 d6
4.Nc3d5 Bc8d7
5.Nd5c3 Ng8f6
6.Ng1e2 Bf8e7
7.Nc3d5 O-O
8.Nd5xf6 Be7xf6
9.c3 a6
10.Bb5c4 b5
11.Bc4d5 Ra8b8
12.Ne2g3 Nc6e7
13.Bd5b3 c5
14.Bb3c2 Ne7g6
15.Ng3f5 Bd7e6
16.Qd1f3 d5
17.exd5 Be6xd5
18.Qf3g4 Bd5e6
19.Qg4f3  { time }
1-0

[Event "Match"]
[Site "www.echecsemail.com"]
[Date "2015.07.20"]
[Round "1"]
[White "Ruko"]
[Black "Wildtiger"]
[WhiteElo "1680"]
[BlackElo "1620"]
[Result "1-0"]
[Round "1"]
1.e4 Nb8c6
2.Ng1f3 d5
3.exd5 Qd8xd5
4.Nb1c3 Qd5e6
5.Bf1e2 Qe6g6
6.Be2f1 Bc8g4
7.Bf1e2 Bg4xf3
8.Be2xf3 e5
9.d3 Nc6d4
10.Bf3xb7 Ra8b8
11.Bb7e4 f5
12.Be4d5 e4
13.O-O Ng8f6
14.dxe4 Bf8c5
15.exf5 Qg6xf5
16.Bd5c4  { time }
1-0

[Event "Match"]
[Site "www.echecsemail.com"]
[Date "2015.07.20"]
[Round "1"]
[White "Add"]
[Black "F14"]
[WhiteElo "1940"]
[BlackElo "1910"]
[Result "1-0"]
[Round "1"]
1.e4 e5
2.Ng1f3 Nb8c6
3.b3 Ng8f6
4.d3 d5
5.exd5 Nf6xd5
6.Bc1b2 Bf8d6
7.h3 O-O
8.Bf1e2 Bc8e6
9.O-O Nd5f4
10.Nf3h2 Qd8g5
11.Be2g4 h5
12.Nh2f3 Qg5g6
13.Nf3h4 Qg6g5
14.Nh4f3 Qg5g6
15.Nf3h4 Qg6h7
16.Bg4xe6 fxe6
17.Bb2c1 Nc6d4
18.Bc1xf4 exf4
19.Nh4f3 Nd4xf3
20.Qd1xf3 c6
21.Nb1d2 Qh7f5
22.Nd2e4 Bd6e5
23.c3 Ra8d8
24.d4 Be5b8
25.Rf1e1 e5
26.Ne4c5 exd4
27.Nc5e6 dxc3
28.Ne6xd8 Rf8xd8
29.Qf3xc3 Rd8f8
30.f3 Bb8c7
31.Qc3c4 Kh8
32.Re1e4 Bc7b6
33.Kh2 Qf5g5
34.Ra1e1 Qg5g3
35.Kh1 Bb6e3
36.Re1d1 Qg3g5
37.a4 Qg5g6
38.Re4e6 Qg6f7
39.Re6e5 Qf7xc4
40.Re5xh5 Kg8
41.bxc4 g6
42.Rh5e5 Rf8f7
43.Rd1d8 Kg7
44.Rd8d3 Be3f2
45.Re5e4 g5
46.Re4e2 Bf2b6
47.Rd3d1 Bb6e3
48.Kh2 a5
49.g3 fxg3
50.Kxg3 Be3f4
51.Kg4 Kg6
52.Re2e6 Rf7f6
53.Re6xf6 Kxf6
54.h4 b5
55.cxb5 cxb5
56.hxg5 Bf4xg5
57.axb5 Bg5e3
58.Rd1d6 Ke5
59.Rd6a6 Be3d2
60.b6 Kd6
61.Ra6a7 Kc6
62.b7 Kc7
63.f4 Kb8
64.Ra7a6 Kxb7
65.Ra6d6 Bd2c3
66.f5 Kc7
67.Rd6a6 Kb7
68.Ra6e6 a4
69.f6 a3
70.f7 Bc3b4
71.Re6e2 Kc6
72.Kf5 Kd7
73.Kf6 Bb4f8
74.Kg6 Kc6
75.Kh7 Kc5
76.Kg8 Bf8h6
77.Re2h2 a2
78.Rh2xa2 Kd6
79.f8Q { resign }
1-0

[Event "Match"]
[Site "www.echecsemail.com"]
[Date "2015.07.20"]
[Round "1"]
[White "Ketchuplover"]
[Black "Delacey"]
[WhiteElo "1960"]
[BlackElo "1900"]
[Result "0-1"]
[Round "1"]
1.c4 Ng8f6
2.Nb1c3 e6
3.Ng1f3 Bf8c5
4.e3 O-O
5.d4 Bc5b4
6.Bc1d2 Bb4xc3
7.Bd2xc3 Nf6e4
8.Bc3b4 d6
9.Bf1d3 Ne4g5
10.O-O Ng5xf3
11.Qd1xf3 Nb8c6
12.Bb4c3 e5
13.d5 Nc6e7
14.g4 Ne7g6
15.Qf3g3 Qd8g5
16.h3 Ng6h4
17.f4 exf4
18.exf4 Qg5h6
19.Ra1e1 f5
20.g5 Qh6h5
21.Bd3e2 Qh5f7
22.Qg3xh4 Bc8d7
23.Qh4g3 Rf8e8
24.Be2f3 Re8xe1
25.Rf1xe1 c6
26.h4 Ra8e8
27.h5 Re8xe1
28.Qg3xe1 c5
29.Kf2 b6
30.g6 hxg6
31.hxg6 Qf7e8
32.Qe1xe8 Bd7xe8
33.Bf3h5 a6
34.a3 b5
35.b3 bxc4
36.bxc4 Be8a4
37.Bh5e2 Ba4b3
38.Be2d3 Kf8
39.Kg3 Bb3a4
40.Bd3xf5 Ba4b3
41.Bf5d3 Bb3a2
42.f5 Kg8
43.f6 gxf6
44.Bc3xf6 Kf8
45.g7 Kg8
46.Bf6e7 Kxg7
47.Be7xd6 Kf6
48.Bd6xc5 Kf7
49.d6 Ke6
50.Kf4 Kd7
51.Ke5 Kc6
 { time }
0-1

[Event "Match"]
[Site "www.echecsemail.com"]
[Date "2015.07.20"]
[Round "1"]
[White "Korbacik"]
[Black "Irene"]
[WhiteElo "1809"]
[BlackElo "1970"]
[Result "1-0"]
[Round "1"]
1.e4 c5
2.Ng1f3 Nb8c6
3.d4 cxd4
4.Nf3xd4 Nc6xd4
5.Qd1xd4 d6
6.Bf1c4 e5
7.Qd4d3 a6
8.O-O b5
9.Bc4b3 Ng8f6
10.Bc1g5 Bf8e7
11.a4 bxa4
12.Bb3xa4 Nf6d7
13.Bg5xe7 Qd8xe7
14.Rf1d1 O-O
15.Qd3xd6 Qe7xd6
16.Rd1xd6 Nd7c5
17.Nb1c3 Bc8b7
18.Ba4c6 Rf8b8
19.Bc6xb7 Rb8xb7
20.b3 f6
21.f3 Rb7c7
22.Nc3d5 Rc7b7
23.b4 Nc5d7
24.Rd6xa6 Ra8c8
25.Ra6a8 Rc8xa8
26.Ra1xa8 Kf7
27.Kf2 Nd7b6
28.Nd5xb6 Rb7xb6
29.c3 Rb6c6
30.Ra8a3 Kg6
31.Ke3 Kg5
32.g3 h5
33.h4 Kh6
34.Ra3b3 g5
35.b5 Rc6c8
36.b6 Kg6
37.c4 Kf7
38.c5 Ke7
39.Kd3 Kd7
40.Kc4 Kc6
41.Rb3d3 Rc8a8
42.Rd3d6 Kb7
43.Kb5 Ra8a3
44.c6 Kc8
45.b7 Kc7
46.Rd6d7 Kb8
47.Rd7d8 Kc7
48.b8Q 
1-0

[Event "Match"]
[Site "www.echecsemail.com"]
[Date "2015.07.20"]
[Round "1"]
[White "Generalfree"]
[Black "Billyg"]
[WhiteElo "1800"]
[BlackElo "1610"]
[Result "1-0"]
[Round "1"]
1.d4 d6
2.Nb1c3 Nb8c6
3.f3 h6
4.e4 e5
5.d5 Nc6a5
6.b4 c6
7.bxa5 Qd8xa5
8.Bc1d2 b5
9.Nc3xb5 Qa5b6
10.dxc6 Qb6xc6
11.Bd2b4 Bc8a6
12.Nb5xd6 Bf8xd6
13.Bb4xd6 Qc6c3
14.Kf2 Ra8d8
15.Bf1xa6 Ng8f6
16.Ba6b5 Nf6d7
17.Ng1e2 Qc3a5
18.Qd1d5 a6
19.Bb5xd7 Rd8xd7
20.Qd5xa5 Rd7xd6
21.Qa5xe5 Kd7
22.Qe5xg7 Rh8e8
23.Qg7xf7 Re8e7
24.Qf7f5 Kd8
25.Ra1d1 { resign }
1-0

[Event "Match"]
[Site "www.echecsemail.com"]
[Date "2015.07.20"]
[Round "1"]
[White "Mrmoto"]
[Black "Derik"]
[WhiteElo "1580"]
[BlackElo "1430"]
[Result "1-0"]
[Round "1"]
1.e4 e6
2.d4 d5
3.e5 c5
4.c3 c4
5.a3 Nb8c6
6.Ng1f3 Ng8e7
7.Bc1g5 Qd8b6
8.Qd1c2 g6
9.Bg5f6 Rh8g8
10.Nf3g5 h6
11.Ng5xe6 Nc6a5
12.Ne6xf8 Rg8xf8
13.Bf1e2 Na5b3
14.Ra1a2 Ne7g8
15.Bf6g7 Bc8f5
16.Qc2d1 Ng8e7
17.Bg7xf8 Kxf8
18.O-O g5
19.f4 Ne7g6
20.Nb1d2 Ng6xf4
21.Rf1f3 Bf5d3
22.Be2xd3 Nf4xd3
23.Rf3f6 Qb6c7
24.Rf6xh6 Qc7d7
25.Rh6h8 Ke7
26.Rh8xa8 a6
27.Qd1h5 Qd7f5
28.Nd2f3 Nd3c1
29.Qh5xg5 Qf5xg5
30.Nf3xg5 Nc1xa2
31.Ra8a7 Kf8
32.Ra7xb7 Nb3d2
33.Rb7xf7 Ke8
34.h4 Na2c1
35.e6 Nc1d3
36.h5  { time }
1-0

[Event "Match"]
[Site "www.echecsemail.com"]
[Date "2015.07.20"]
[Round "1"]
[White "Derik"]
[Black "Norbos"]
[WhiteElo "1430"]
[BlackElo "1610"]
[Result "1/2-1/2"]
[Round "1"]
1.e4 e5
2.d3 d6
3.Nb1d2 b5
4.Ng1f3 Bf8e7
5.g3 Bc8g4
6.Bf1g2 a6
7.O-O Ng8f6
8.b3 O-O
9.Bc1b2 c6
10.Qd1e2 Nb8d7
11.h3 Bg4h5
12.g4 Bh5g6
13.g5 Nf6h5
14.Qe2e3 f6
15.h4 fxg5
16.hxg5 Nh5f4
17.d4 Be7xg5
18.Ra1e1 Nf4h3
19.Bg2xh3 Bg5xe3
20.Re1xe3 Nd7f6
21.Re3c3 Ra8c8
22.Bh3e6 Bg6f7
23.Be6xc8 Qd8xc8
24.d5 c5
25.Bb2a3 b4
26.Ba3xb4 Qc8g4
{ draw }
1/2-1/2

[Event "Match"]
[Site "www.echecsemail.com"]
[Date "2015.07.20"]
[Round "1"]
[White "Culiflori"]
[Black "Pinehill"]
[WhiteElo "999"]
[BlackElo "1820"]
[Result "1-0"]
[Round "1"]
1.e4 d5
2.exd5 Ng8f6
3.Ng1f3 Bc8g4
4.Bf1b5 Bg4d7
5.Bb5xd7 Nb8xd7
6.c4 Nd7b6
7.d3 g6
8.Nb1c3 Bf8g7
9.Bc1f4 O-O
10.O-O c6
11.dxc6 bxc6
12.Rf1e1 e6
13.Qd1c2 Nf6h5
14.Bf4e5 Bg7xe5
15.Nf3xe5 Qd8c7
16.h3 Rf8d8
17.Ra1d1 Nh5f4
18.b3 Qc7d6
19.Qc2d2 Nf4h5
20.d4 c5
21.Nc3e4 Qd6xd4
22.Qd2xd4 Rd8xd4
23.Ne4xc5 Rd4xd1
24.Re1xd1 Nh5f6
25.Ne5d7 Nf6xd7
26.Nc5xd7 Nb6xd7
27.Rd1xd7 a5
28.Rd7b7 a4
29.b4 Kg7
30.c5 Kf6
31.b5 Ra8d8
32.Rb7a7 Rd8d5
33.Ra7xa4 Rd5xc5
34.Ra4b4 Ke7
35.b6 Rc5c8
36.b7 Rc8b8
37.a4 Kd7
38.a5 Kc7
39.a6 { resign }
1-0

[Event "Match"]
[Site "www.echecsemail.com"]
[Date "2015.07.20"]
[Round "1"]
[White "Llord"]
[Black "Darknight"]
[WhiteElo "1810"]
[BlackElo "1730"]
[Result "1-0"]
[Round "1"]
1.e4 e5
2.Ng1f3 d6
3.Bf1c4 h6
4.d3 c6
5.Nb1c3 a5
6.a3 Ng8f6
7.O-O g5
8.Bc1d2 Bc8g4
9.h3 Bg4xf3
10.Qd1xf3 Nb8d7
11.Bd2e3 Bf8e7
12.Nc3e2 Qd8c7
13.Ne2g3 O-O-O
14.Bc4xf7 Rd8f8
15.Bf7e6 Kd8
16.Ng3f5 Rh8h7
17.Nf5g3 g4
18.Be6xg4  { time }
1-0

[Event "Match"]
[Site "www.echecsemail.com"]
[Date "2015.07.20"]
[Round "1"]
[White "Savcich"]
[Black "Caspito"]
[WhiteElo "1499"]
[BlackElo "1780"]
[Result "1-0"]
[Round "1"]
1.e4 e5
2.Ng1f3 Nb8c6
3.Bf1b5 Nc6d4
4.Bb5c4 Ng8h6
5.O-O Bf8c5
6.b4 Nd4xf3
7.Qd1xf3 d6
8.bxc5 dxc5
9.d3 Bc8e6
10.Bc4xe6 fxe6
11.Bc1b2 Qd8g5
12.Qf3g3 Qg5xg3
13.hxg3 Nh6f7
14.Nb1d2 O-O-O
15.Nd2c4 h5
16.Nc4xe5 Nf7xe5
17.Bb2xe5 Rh8h7
18.f3 g5
19.Kf2 b5
20.Ke3 h4
21.Rf1h1 c4
22.d4 a5
23.Ra1b1 b4
24.a3 bxa3
25.Rb1a1 Kd7
26.Ra1xa3 Rd8a8
27.Kd2 Ra8a6
28.Kc3 Kc6
29.Kxc4 Kb7
30.gxh4 Ra6c6
31.Kd3 Ka6
32.Rh1a1 { resign }
1-0

[Event "Match"]
[Site "www.echecsemail.com"]
[Date "2015.07.20"]
[Round "1"]
[White "Raulazo"]
[Black "Pare123"]
[WhiteElo "1889"]
[BlackElo "2030"]
[Result "0-1"]
[Round "1"]
1.e4 c5
2.Bf1c4 e6
3.Ng1f3 Nb8c6
4.d3 d6
5.Nb1c3 Bc8d7
6.Nf3g5 h6
7.Ng5xf7 Kxf7
8.Qd1f3 Ng8f6
9.O-O a6
10.e5 Nc6xe5
11.Qf3xb7 Bf8e7
12.Qb7b3 d5
13.Bc4xd5 exd5
14.Bc1f4 Ne5g6
15.Nc3xd5 Bd7e6
16.c4 Nf6xd5
17.cxd5 Be6xd5
18.Qb3c3 Ng6xf4
19.f3 Nf4e2
20.Kh1 Ne2xc3
21.bxc3 Be7f6
22.Ra1c1 Qd8a5
23.c4 Bd5e6
24.Rc1b1 Qa5xa2
25.Rb1b7 Bf6e7
26.Rb7b1 Rh8d8
27.Rb1a1 Qa2e2
28.f4 Qe2xd3
29.f5 Be6xc4
30.h3 Be7d6
31.Ra1d1 Qd3g3
32.Kg1 Qg3h2
33.Kf2 Bd6g3
34.Ke3 Rd8e8
35.Kd2 Qh2xg2
36.Kc1 Bc4xf1
37.Rd1d7 Kf8
{ resign }
0-1

[Event "Match"]
[Site "www.echecsemail.com"]
[Date "2015.07.20"]
[Round "1"]
[White "Azorau"]
[Black "Reanna"]
[WhiteElo "1579"]
[BlackElo "1600"]
[Result "1-0"]
[Round "1"]
1.e4 e5
2.Ng1f3 Nb8c6
3.Bf1c4 d6
4.d3 Bc8e6
5.Bc4xe6 fxe6
6.Nf3g5 Qd8f6
7.Qd1g4 Nc6d4
8.Qg4d1 O-O-O
9.c3 Nd4c6
10.Ng5h3 Ng8h6
11.Bc1xh6 gxh6
12.Qd1e2 d5
13.Nb1d2 d4
14.c4 Nc6b4
15.Nd2b3 Nb4c6
16.a4 Bf8b4
17.Kf1 Rh8f8
18.f3 Rf8f7
19.a5 Nc6xa5
20.Nb3xa5 Rd8d6
21.Na5b3 Rd6d8
22.Ra1xa7 Kb8
23.Ra7a4 Bb4e7
24.Nb3d2 c6
25.Ke1 b6
26.Qe2d1 Qf6h4
27.Ke2 Kc7
28.Ra4a7 Kd6
29.c5 Kxc5
30.Qd1c1 Kd6
31.Nd2c4 Kc5
32.Nc4xe5 Kb5
33.Qc1c4 { resign }
1-0

[Event "Match"]
[Site "www.echecsemail.com"]
[Date "2015.07.20"]
[Round "1"]
[White "Generalfree"]
[Black "Bluetealeaf"]
[WhiteElo "1820"]
[BlackElo "1720"]
[Result "1-0"]
[Round "1"]
1.e4 e5
2.Ng1f3 f6
3.Nf3xe5 Qd8e7
4.Ne5g4 f5
5.Ng4e3 Qe7xe4
6.Bf1d3 Qe4h4
7.Ne3xf5 Qh4f6
8.Qd1f3 Bf8c5
9.O-O Ng8e7
10.Rf1e1 Nb8c6
11.Nf5xg7 Qf6xg7
12.Qf3h5 Kd8
13.Qh5xc5 d6
14.Qc5c4 Rh8g8
15.g3 Bc8h3
16.c3 Kd7
17.b4 a6
18.a4 Bh3e6
19.Qc4xe6 Kd8
20.Bd3f5 Ne7xf5
21.Qe6xf5 Rg8e8
22.Re1xe8 Kxe8
23.d4 Qg7e7
24.Bc1d2 Nc6d8
25.Bd2g5 Qe7f7
26.Qf5xf7 Nd8xf7
27.Bg5h4 Kd7
28.Nb1d2 c6
29.Ra1e1 Ra8f8
30.Re1e7 Kc8
31.Nd2e4 d5
32.Ne4f6 Nf7d6
33.Re7xh7 Nd6f5
34.Nf6g4 Nf5xh4
35.Rh7xh4 Rf8f3
36.Rh4h8 Kc7
37.Ng4e3 Kb6
38.h4 a5
39.bxa5 Kxa5
40.Rh8a8 Kb6
41.h5 Rf3f7
42.h6 Kc7
43.g4 b6
44.Ra8a7 { resign }
1-0

[Event "Match"]
[Site "www.echecsemail.com"]
[Date "2015.07.20"]
[Round "1"]
[White "Generalfree"]
[Black "Hardland"]
[WhiteElo "1790"]
[BlackElo "1700"]
[Result "1-0"]
[Round "1"]
1.e4 c5
2.f4 d6
3.c4 Ng8f6
4.d3 g6
5.h3 Bf8g7
6.g4 O-O
7.Bf1g2 Nb8c6
8.Ng1f3 Bc8d7
9.g5 Nf6h5
10.Kf2 Nc6d4
11.Nb1c3 e5
12.Nf3xd4 cxd4
13.Nc3d5 Bd7e6
14.Bg2f3 Nh5xf4
15.Nd5xf4 Qd8xg5
16.Nf4xe6 Qg5h4
17.Kg2 fxe6
18.Rh1f1 a6
19.Bf3g4 Ra8e8
20.Bc1d2 Rf8xf1
21.Qd1xf1 Bg7h6
22.Bd2xh6 Qh4xh6
23.Ra1d1 Qh6g5
24.Kh2 Re8f8
25.Qf1e2 Qg5f4
26.Kg1 Qf4g3
27.Qe2g2 Qg3e3
28.Kh1 Rf8f2
29.Bg4xe6 Kg7
30.Qg2g4 Rf2f4
31.Qg4g1 Qe3xh3
32.Be6xh3 { resign }
1-0

[Event "Match"]
[Site "www.echecsemail.com"]
[Date "2015.07.20"]
[Round "1"]
[White "Pinehill"]
[Black "Masqu3"]
[WhiteElo "1820"]
[BlackElo "1340"]
[Result "1-0"]
[Round "1"]
1.e4 e5
2.d4 Nb8c6
3.Ng1f3 Bf8d6
4.Bf1c4 Qd8e7
5.O-O exd4
6.Nf3xd4 Nc6xd4
7.Qd1xd4 Ng8f6
8.Nb1c3 O-O
9.Bc1g5  { time }
1-0

[Event "Match"]
[Site "www.echecsemail.com"]
[Date "2015.07.20"]
[Round "1"]
[White "Fangshuo1"]
[Black "Raulazo"]
[WhiteElo "1499"]
[BlackElo "1889"]
[Result "0-1"]
[Round "1"]
1.e4 e5
2.Ng1f3 Nb8c6
3.Nb1c3 Ng8f6
4.Bf1c4 h6
5.d4 exd4
6.Nf3xd4 Bf8b4
7.Nd4xc6 Bb4xc3
8.bxc3 bxc6
9.Qd1f3 O-O
10.O-O d5
11.exd5 cxd5
12.Bc4b3 Rf8e8
13.c4 Bc8b7
14.c5 Ra8b8
15.Bb3a4 d4
16.c6 Bb7a6
17.Rf1d1 Ba6e2
18.Qf3g3 Be2xd1
19.Bc1xh6 Re8e1
{ resign }
0-1